Sucker (Jonas Brothers) Lyrics Quiz - Statistics

General Stats
  • This quiz has been taken 220 times
  • The average score is 45 of 51
Answer Stats
Lyric % Correct
I'm a {sucker} for you
99%
I'm a {sucker} for you
99%
I'm a {sucker} for you, yeah
99%
I'm a {sucker} for you, yeah
99%
I'm a {sucker} for you, yeah
99%
I'm a {sucker} for you, yeah
99%
I'm a {sucker} for you, yeah
99%
It's true, I'm a {sucker} for you, yeah
99%
It's true, I'm a {sucker} for you, yeah (uh)
99%
It's true, I'm a {sucker} for you, yeah (uh)
99%
We change the {weather}, yeah
98%
We go {together}
96%
Better than birds of a {feather}, you and me
94%
stumblin' out of {bars}
94%
stumblin' out of {bars}
94%
stumblin' out of {bars}
94%
I follow you through the {dark}, can't get enough
92%
I follow you through the {dark}, can't get enough
92%
I follow you through the {dark}, can't get enough
92%
I've been {dancin'} on top of cars and
92%
I've been {dancin'} on top of cars and
92%
I've been {dancin'} on top of cars and
92%
the {tattoo} inside my brain
91%
the {tattoo} inside my brain
91%
the {tattoo} inside my brain
91%
You're the {medicine} and the pain,
90%
You're the {medicine} and the pain,
90%
You're the {medicine} and the pain,
90%
And, baby, you know it's {obvious}
89%
And, baby, you know it's {obvious}
89%
And, baby, you know it's {obvious}
89%
no one {knows} about you (about you), about you (about you)
88%
no one {knows} about you (about you), about you (about you)
88%
no one {knows} about you (about you), about you (about you)
88%
You say the word and I'll go {anywhere} blindly
88%
You say the word and I'll go {anywhere} blindly
88%
You say the word and I'll go {anywhere} blindly
88%
I'm feelin' heat in {December} when you're 'round me
85%
Any road you take, you know that you'll {find} me
83%
Any road you take, you know that you'll {find} me
83%
Any road you take, you know that you'll {find} me
83%
And you're makin' the {typical} me break my {typical} rules
81%
And you're makin' the {typical} me break my {typical} rules
81%
And you're makin' the {typical} me break my {typical} rules
81%
'Cause I know you and you know {everything} about me
79%
I'm a sucker for all the {subliminal} things
73%
I'm a sucker for all the {subliminal} things
73%
I'm a sucker for all the {subliminal} things
73%
All of the nights I don't remember you're {'round} me (oh, yeah, yeah)
70%
Don't {complicate} it, yeah
68%
I can't {remember}, yeah
67%
No matching quizzes found
Score Distribution
Percent of People with Each Score
Percentile by Number Answered
Your Score History
You have not taken this quiz